Changing minds : computers, learning, and literacy /

Guardado en:
Autor Principal: DiSessa, Andrea A.
Formato: Libro
Idioma:English
Publicado: Cambridge, Mass. : MIT Press, c2000.
Materias:
Etiquetas: Agregar Etiqueta
Sin Etiquetas, Sea el primero en etiquetar este registro!
LEADER 00769cam a22002294a 4500
001 MAT.inmabb005096
008 990806s2000####maua#####b####001#0#eng##
005 20170526111403.0
245 1 0 |a Changing minds :  |b computers, learning, and literacy /  |c Andrea A. DiSessa. 
260 |a Cambridge, Mass. :  |b MIT Press,  |c c2000. 
300 |a xix, 271 p. :  |b il. ;  |c 24 cm. 
500 |a "A Bradford book." 
504 |a Incluye referencias bibliográficas (p. [249]-265) e índice. 
020 |a 0262041804 
100 1 |a DiSessa, Andrea A. 
650 0 |a Education  |x Data processing. 
650 0 |a Learning, Psychology of. 
650 0 |a Literacy. 
084 |a 97-99 (97C50 97C80 97U99)  |2 MR 
010 |a  99040215  
040 |a DLC  |c DLC  |d DLC 
859 |h 97  |i D611c  |p A-8530  |b BIB. MATEMATICA